| 000 | 00598nam a2200169Ia 4500 | ||
|---|---|---|---|
| 008 | 220216s9999 xx 000 0 und d | ||
| 100 | _aZhang Zhi-Li | ||
| 245 | 0 | _aMolecule characterization of an ethphon-induced HSP70 involved in low-temperature response in Hevea brasiliensis | |
| 260 | _bIRRDB Natural Rubber Conference 2008, 13-15 October 2008, Kuala Lumpur, Malaysia: Abstract of papers | ||
| 500 | _aSource Year: 2008 | ||
| 650 | _aEthephon-induced HSP70 | ||
| 650 | _aLow temperature stress | ||
| 700 | _aCai Yuan-Bao | ||
| 700 | _aZhu Jia-Hong | ||
| 856 | _uAbst only | ||
| 942 | _cJS | ||
| 999 |
_c63232 _d63232 |
||